000 00424pab a2200181 454500
008 180718b2011 xxu||||| |||| 00| 0 eng d
100 _aBharadwaj, Sanjay Kumar
245 _aEmpowerment of women through education
260 _c2011
300 _ap.16-22, 25.
362 _a1 Aug
650 _aEducation
650 _aWomen
700 _aSangeeta Rani
773 _aUniversity News
908 _aN
909 _a92647
999 _c92647
_d92647